<?xml version="1.0" encoding="UTF-8"?><?xml-stylesheet type="text/xsl" href="static/style.xsl"?><OAI-PMH xmlns="http://www.openarchives.org/OAI/2.0/" xmlns:xsi="http://www.w3.org/2001/XMLSchema-instance" xsi:schemaLocation="http://www.openarchives.org/OAI/2.0/ http://www.openarchives.org/OAI/2.0/OAI-PMH.xsd"><responseDate>2026-06-05T17:30:53Z</responseDate><request verb="GetRecord" identifier="oai:riuma.uma.es:10630/8023" metadataPrefix="marc">https://riuma.uma.es/rest/oai/request</request><GetRecord><record><header><identifier>oai:riuma.uma.es:10630/8023</identifier><datestamp>2026-04-08T11:48:28Z</datestamp><setSpec>com_10630_2254</setSpec><setSpec>col_10630_37959</setSpec></header><metadata><record xmlns="http://www.loc.gov/MARC21/slim" xmlns:dcterms="http://purl.org/dc/terms/" xmlns:doc="http://www.lyncode.com/xoai" xmlns:xsi="http://www.w3.org/2001/XMLSchema-instance" xsi:schemaLocation="http://www.loc.gov/MARC21/slim http://www.loc.gov/standards/marcxml/schema/MARC21slim.xsd">
   <leader>00925njm 22002777a 4500</leader>
   <datafield ind2=" " ind1=" " tag="042">
      <subfield code="a">dc</subfield>
   </datafield>
   <datafield ind2=" " ind1=" " tag="720">
      <subfield code="a">Rodríguez-Martínez, María del Carmen</subfield>
      <subfield code="e">author</subfield>
   </datafield>
   <datafield ind2=" " ind1=" " tag="720">
      <subfield code="a">Sánchez-Vega, Elena</subfield>
      <subfield code="e">author</subfield>
   </datafield>
   <datafield ind2=" " ind1=" " tag="720">
      <subfield code="a">Rodríguez Martínez, María Soledad</subfield>
      <subfield code="e">author</subfield>
   </datafield>
   <datafield ind2=" " ind1=" " tag="260">
      <subfield code="c">2014-09-11</subfield>
   </datafield>
   <datafield ind2=" " ind1=" " tag="520">
      <subfield code="a">Objectives: This study aimed to determine certain characteristics about the vocational profile of college students, especially if we consider the situation of transition that is taking place currently in college with the implementation of the European Higher Education Area (EHEA).&#xd;
Participants: Students enrolled in first grade of Health Sciences at University of Malaga (Spain) in Nursing, Physiotherapy, Podiatry and Occupational Therapy. The population comprised 272 participants (90%), of a 300 total sample of Health Sciences students with a mean age of 19 years (SD=1.8). &#xd;
Methodology: It was a descriptive and a cross sectional study. Students were asked to fill out an on-line questionnaire in May 2011. It was a vocational interests scale adapted into Spanish by a cross-cultural study. The dimensions were: Leadership, Organization, Altruism, Creativity, Analysis, Production, Adventure, and Erudition. The differences between the four groups of students have been checked by Anova.&#xd;
Results: The vocational profile among Health Sciences students showed significant differences. By degree, the most altruistic were Physiotherapy students (F=3.022, p= 0.030), being also the most adventurous (F=3.658, p=0.013). The most creative were Nursing students (F=3.578, p=0.014) and also the most erudite (F=5.527, p=0.001).&#xd;
Conclusions: These results could be useful in order to study the development of competences that are necessary for finding a job, work with patients and work as a member of multidisciplinary group.  Also, we are collecting data every day in order to know the variance with respect the academic year (longitudinal study).</subfield>
   </datafield>
   <datafield ind1="8" ind2=" " tag="024">
      <subfield code="a">http://hdl.handle.net/10630/8023</subfield>
   </datafield>
   <datafield tag="653" ind2=" " ind1=" ">
      <subfield code="a">Medicina - Estudio y enseñanza</subfield>
   </datafield>
   <datafield tag="653" ind2=" " ind1=" ">
      <subfield code="a">Vocación</subfield>
   </datafield>
   <datafield ind2="0" ind1="0" tag="245">
      <subfield code="a">Vocational profile in Health Sciences Students, enrolled in first-year at University of Malaga (Spain): differences by degree.</subfield>
   </datafield>
</record>
</metadata></record></GetRecord></OAI-PMH>